WHAT DO YOU KNOW ABOUT MUSIC & DANCE (Record no. 6603)
[ view plain ]
| 000 -LEADER | |
|---|---|
| fixed length control field | 00339nam a22001337a 4500 |
| 020 ## - INTERNATIONAL STANDARD BOOK NUMBER | |
| ISBN | 978-93-85869-35-8 |
| 082 ## - DEWEY DECIMAL CLASSIFICATION NUMBER | |
| Classification number | 001 |
| Item number | MAN/W |
| 100 ## - MAIN ENTRY--AUTHOR NAME | |
| Personal name | MAANU GRAPHICS |
| 245 ## - TITLE STATEMENT | |
| Title | WHAT DO YOU KNOW ABOUT MUSIC & DANCE |
| Remainder of title | GENERAL KNOWLEDGE QUIZ |
| 260 ## - PUBLICATION, DISTRIBUTION, ETC. (IMPRINT) | |
| Place of publication | DELHI |
| Name of publisher | MAANU GRAPHICS |
| 300 ## - PHYSICAL DESCRIPTION | |
| Number of Pages | 32 |
| 650 ## - SUBJECT ADDED ENTRY--TOPICAL TERM | |
| Topical Term | GENERAL KNOWLEDGE |
| Geographic subdivision | INDIA |
| 942 ## - ADDED ENTRY ELEMENTS (KOHA) | |
| Koha item type | Books |
| Withdrawn status | Lost status | Collection code | Home library | Current library | Shelving location | Date acquired | Source of acquisition | Cost, normal purchase price | Full call number | Accession Number | Koha item type |
|---|---|---|---|---|---|---|---|---|---|---|---|
| G.K | Main Library | Main Library | SHELF-17B-- G.K RELATED QUIZ BOOK | 28/10/2019 | purchase | 30.00 | 001 MAN/W | 11772 | Books |